La obra cinematográfica reproducida en cintas de video (Record no. 156355)

MARC details
000 -LEADER
fixed length control field 00869nam a22002177a 4500
005 - DATE AND TIME OF LATEST TRANSACTION
control field 20210625141117.0
008 - FIXED-LENGTH DATA ELEMENTS--GENERAL INFORMATION
fixed length control field 210623b sp ||||| |||| 00| 0 spa d
020 ## - INTERNATIONAL STANDARD BOOK NUMBER
International Standard Book Number 8472482731
050 04 - LIBRARY OF CONGRESS CALL NUMBER
Classification number KKT1180.63
Item number F47 1995
100 ## - MAIN ENTRY--PERSONAL NAME
Personal name Fernández-Albor Baltar, Angel
245 13 - TITLE STATEMENT
Title La obra cinematográfica reproducida en cintas de video
Remainder of title : (home video explotation)
Statement of responsibility, etc / Ángel Fernández-Albor Baltar, Angel ; prólogo de José A. Gómez Segade
250 ## - EDITION STATEMENT
Edition statement 1a ed.
260 ## - PUBLICATION, DISTRIBUTION, ETC. (IMPRINT)
Place of publication, distribution, etc Madrid, España :
Name of publisher, distributor, etc Marcial Pons :
-- Ediciones Jurídicas,
Date of publication, distribution, etc 1995
300 ## - PHYSICAL DESCRIPTION
Extent 215 p. ;
Dimensions 24 cm.
504 ## - BIBLIOGRAPHY, ETC. NOTE
Bibliography, etc Bibliografía : p. 203-210
650 #7 - SUBJECT ADDED ENTRY--TOPICAL TERM
Source of heading or term lemb
Topical term or geographic name as entry element Derechos de autor
General subdivision Video
Geographic subdivision España
650 #7 - SUBJECT ADDED ENTRY--TOPICAL TERM
Source of heading or term lemb
Topical term or geographic name as entry element Cintas de video
General subdivision Propiedad intelectual
Geographic subdivision España
650 #7 - SUBJECT ADDED ENTRY--TOPICAL TERM
Source of heading or term lemb
Topical term or geographic name as entry element Propiedad intelectual
General subdivision Cine
Geographic subdivision España
700 1# - ADDED ENTRY--PERSONAL NAME
Personal name Gomez Segade, José A.
Relator term prologuista
942 ## - ADDED ENTRY ELEMENTS (KOHA)
Source of classification or shelving scheme Biblioteca del Cogreso de los Estados Unidos
Koha item type Libro
Holdings
Estado de pérdida Fuente de clasificación Estado del daño No para préstamo Ubicación permanente Ubicación actual Apartado o colección Fecha de adquisición Edición Dependencia de educación superior (DES) Área del conocimiento Total Checkouts Clasificación Código de Barras Date last seen Número de copia Costo por reposición Tipo de recurso
  Biblioteca del Cogreso de los Estados Unidos     Biblioteca del Posgrado en Derecho Biblioteca del Posgrado en Derecho Colección Ernesto Villanueva 23/06/2021 1a ed. Derecho Ciencias Sociales y Administrativas   KKT1180.63 F47 1995 BPD000001721 23/06/2021 1 1.00 Libro